01313nam a2200337Ia 4500001001200000003000800012006001900020007001500039008004100054010001700095020002800112020002200140040002100162035002100183050002300204100003300227245011100260250001200371260006800383300002300451504005100474533015200525650004500677650001600722655002900738700002800767700002200795710001700817856012600834999001500960ebr10273249CaPaEBRm u cr cn|||||||||991001s2001 enka sb 001 0 eng d z 99049560  z0195113586 (alk. paper) z0195113594 (pbk.) aCaPaEBRcCaPaEBR a(OCoLC)40493410514aQP360b.S79 2001eb1 aStern, Robert Morris,d1937-10aPsychophysiological recordingh[electronic resource] /cRobert M. Stern, William J. Ray, Karen S. Quigley. a2nd ed. aOxford [England] ;aNew York :bOxford University Press,c2001. axi, 282 p. :bill. aIncludes bibliographical references and index. aElectronic reproduction.bPalo Alto, Calif. :cebrary,d2009.nAvailable via World Wide Web.nAccess may be limited to ebrary affiliated libraries. 0aPsychophysiologyxResearchxMethodology. 0aPhysiology. 7aElectronic books.2local1 aRay, William J.,d1945-1 aQuigley, Karen S.2 aebrary, Inc.40uhttp://site.ebrary.com/lib/rucke/Doc?id=10273249zAn electronic book accessible through the World Wide Web; click to view c6796d6796